000 00328nam a2200133Ia 4500
008 240624s9999 xx 000 0 und d
041 _aeng
082 _a823 MAR
100 _aMARTIN GEORGE R R
245 _aDANCE WITH DRAGONS
260 _c2011
_aNew Delhi
_bHarperCollins
300 _a1016 : p. : cm. ; 21
365 _cRS
_b25
999 _c18470
_d18470